Datum a čas kvízu
20.5
Celkem bodů
Celkový počet nahraných bodů na tomto kvízu bez doplňovacích otázek.
4.
Pořadí na kvízu
Konečné umístění týmu na tomto kvízu.
Zaznamenané odpovědi
| # | Otázka | Odpověď | Body | Výsledky |
|---|---|---|---|---|
| 1. | První číslo československé ver... | 1 | ||
| 2. | Papež František bude na své na... | 0 | ||
| 3. | Budapešťské kulturní akci, kte... | 0 | ||
| 4. | Rozhodnutí amerického preziden... | 0 | ||
| 5. | Česká tenistka po sérii neúspě... | 0.5 | ||
| 6. | V roce 2015 vypustily japonské... | 1 | ||
| 7. | Napište podtitul druhého dílu... | 1 | ||
| 8. | Humanoidní robot, který má pod... | 0 | ||
| 9. | Mezi roboty můžeme svým způsob... | 0 | ||
| 10. | Nesmíme opomenout Karla Čapka... | 0.5 |